| 000 | 00695nam a2200289Ia 4500 | ||
|---|---|---|---|
| 003 | OSt | ||
| 005 | 20221006142518.0 | ||
| 006 | a|||||r|||| 00| 0 | ||
| 007 | ta | ||
| 008 | 221006b |||||||| |||| 00| 0 eng d | ||
| 020 | _cS10.00 | ||
| 024 | _a6,497 | ||
| 037 | _cTextual | ||
| 040 |
_aEASL _cEASL _beng |
||
| 041 |
_2eng _aeng |
||
| 082 | _aY.49E.N0, D6 | ||
| 100 |
_aCURZON George N _995680 |
||
| 245 | 0 | _aProblems of the far east | |
| 260 |
_aLondon _bLongman _c1906 |
||
| 300 |
_a4114p. _ccm. |
||
| 490 | _v Oth | ||
| 650 | _a JEL | ||
| 650 | _a KEL | ||
| 650 | _aCEL | ||
| 942 |
_hY.49E.N0, D6 _cTEXL _2CC |
||
| 999 |
_c1074583 _d1074583 |
||